000 00783nam a2200229Ia 4500
001 11209
003 GE_BSU
008 181216s||||||||xx |||||||||||||| ||und||
020 _a9785801806327
040 _cGE_BSU
080 _a351/354(075.8):005
245 _aГОСУДАРСТВЕННОЕ И МУНИЦИПАЛЬНОЕ УПРАВЛЕНИЕ.
245 _bУЧЕБНОЕ ПОСОБИЕ.
245 _cВ.П.ВАСИЛЬЕВ; Н.Г.ДЕХАНОВА; Н.А.ЛОСЬ; Ю.А.ХОЛОДЕНКО; ПОД.РЕД.ВАСИЛЬЕВА.
260 _aМОСКВА.
260 _bДЕЛО И СЕРВИС.
260 _c2014.
300 _a352С;21СМ.
541 _h25Л.
653 _aГОСУДАРСТВЕННОЕ И МУНИЦИПАЛЬНОЕ УПРАВЛЕНИЕ.
942 _cBK
999 _c44440
_d44440